Too busy to cook? : time-saving recipes and easy menus from Bon appétit magazine.

Bibliographic Details
Format: Book
Language:English
Published: Los Angeles, Calif. : Knapp Press ; 1981.
Subjects:

MARC

Tag First Indicator Second Indicator Subfields
LEADER 00000cam a2200000Ia 4500
001 in00002425503
005 20190207101319.0
008 081106s1981 caua 001 0 eng d
020 |a 0895350491 
020 |a 9780895350497 
020 |a 0895351528 
020 |a 9780895351524 
035 |a (OCoLC)ocn269317076 
035 |a (OCoLC)269317076 
040 |a TXA  |c TXA  |d UtOrBLW 
049 |a TXAM 
090 |a TX652  |b .T657 1981b 
245 0 0 |a Too busy to cook? :  |b time-saving recipes and easy menus from Bon appétit magazine. 
264 1 |a Los Angeles, Calif. :  |b Knapp Press ;  |c 1981. 
264 2 |a New York :  |b Distributed by Crown Publishers, Inc., 
300 |a 215 pages :  |b color illustrations ;  |c 28 cm. 
336 |a text  |b txt  |2 rdacontent 
337 |a unmediated  |b n  |2 rdamedia 
338 |a volume  |b nc  |2 rdacarrier 
500 |a The Cushing Library/Chapman Texas Collection copy is part of the Floyd & Louise Chapman Texas & Borderlands Collection.  |5 TXA 
500 |a Includes index. 
500 |a "The Texas Cookbook Collection" 
536 |a The Cushing Library/Texas & Borderlands copy was donated by Bonnie and John Kamenar. 
650 0 |a Cooking, American. 
730 0 |a Bon appétit. 
948 |a cataloged  |b h  |c 2008/11/6  |d c  |e bhartsfi  |f 11:06:08 am 
994 |a C0  |b TXA 
999 |a MARS 
999 f f |s f0f85fb7-91e5-3653-9be7-2dbacfcd6d45  |i d7566508-93ad-3def-b36d-c4a538ab092c  |t 0 
952 f f |p noncirc  |a Texas A&M University  |b College Station  |c Cushing Memorial Library & Archives  |d Cushing: Chapman Texas Collection (Does not check out)  |t 0  |e TX652 .T657 1981b  |h Library of Congress classification  |i unmediated -- volume 
998 f f |a TX652 .T657 1981b  |t 0  |l Cushing: Chapman Texas Collection (Does not check out)